ბათუმის შოთა რუსთაველის სახელმწიფო უნივერსიტეტის ბიბლიოთეკა

მეფე ბაგრატ მეშვიდე (ბიბ.ჩანაწერი № 42136)

000 -LEADER
fixed length control field 00763nam a2200229Ia 4500
001 - CONTROL NUMBER
control field 8828
003 - CONTROL NUMBER IDENTIFIER
control field GE_BSU
008 - FIXED-LENGTH DATA ELEMENTS--GENERAL INFORMATION
fixed length control field 181216s||||||||xx |||||||||||||| ||und||
040 ## - CATALOGING SOURCE
Transcribing agency GE_BSU
080 ## - UNIVERSAL DECIMAL CLASSIFICATION NUMBER
Universal Decimal Classification number 821.353.1–2
100 ## - MAIN ENTRY--PERSONAL NAME
Personal name კაკაბაძე,პოლიკარპე
245 ## - TITLE STATEMENT
Title მეფე ბაგრატ მეშვიდე
245 ## - TITLE STATEMENT
Remainder of title პიესა
245 ## - TITLE STATEMENT
Statement of responsibility, etc. რედ. ბესარიონ ჟღენტი.მხატვ. ვაჟა მელიქიშვილი
260 ## - PUBLICATION, DISTRIBUTION, ETC.
Place of publication, distribution, etc. თბილისი
260 ## - PUBLICATION, DISTRIBUTION, ETC.
Name of publisher, distributor, etc. ხელოვნება
260 ## - PUBLICATION, DISTRIBUTION, ETC.
Date of publication, distribution, etc. 1969
300 ## - PHYSICAL DESCRIPTION
Extent 165გვ.20სმ.
653 ## - INDEX TERM--UNCONTROLLED
Uncontrolled term მეფე ბაგრატ მეშვიდე
653 ## - INDEX TERM--UNCONTROLLED
Uncontrolled term პიესა
942 ## - ADDED ENTRY ELEMENTS (KOHA)
Koha item type წიგნი
ეგზემპლარები
Withdrawn status Lost status Damaged status Not for loan Date acquired Barcode Date last seen Price effective from Koha item type Public note
        2018-12-17 31296 2018-12-17 2018-12-17 წიგნი  
        2018-12-17 31297 2018-12-17 2018-12-17 წიგნი  
        2018-12-17 31416-4ლ 2018-12-17 2018-12-17 წიგნი  
        2018-12-17 22237 2018-12-17 2018-12-17 წიგნი აგრარული ტექ.ფაკ.
        2018-12-17 22236 2018-12-17 2018-12-17 წიგნი აგრარული ტექ.ფაკ.